[Event "Montigny le Bretonneux op 17th"]
[Site "Montigny le Bretonneux"]
[Date "2013.05.20"]
[Round "8"]
[White "Goulenok, Eric"]
[Black "Duval, Sylvain"]
[Result "0-1"]
[WhiteElo "2187"]
[BlackElo "1972"]
[PlyCount "76"]
[EventDate "2013.05.18"]
[EventType "swiss"]
[EventRounds "9"]
[EventCountry "FRA"]
[SourceTitle "EXT 2014"]
[Source "ChessBase"]
[SourceDate "2013.11.20"]
[SourceVersion "1"]
[SourceVersionDate "2013.11.20"]
[SourceQuality "1"]

1. Nf3 d5 2. g3 Nf6 3. Bg2 c5 4. 0-0 g6 5. d3 Bg7 6. Nc3 0-0 7. a3 Nc6 8. Rb1 a5 9. Na4 b6 10. c4 dxc4 11. dxc4 Bf5 12. Qxd8 Raxd8 13. Ra1 Bc2 14. Nxb6 Rb8 15. Nd5 Nxd5 16. cxd5 Nd4 17. Nxd4 Bxd4 18. e3 Bxb2 19. Ra2 Bxc1 20. Rxc1 Bb3 21. Rd2 c4 22. f4 Rfc8 23. Rc3 Ba4 24. Kf2 Rb3 25. Rdc2 Rxa3 26. Rxa3 Bxc2 27. Rxa5 Bd3 28. Ra1 Rb8 29. Bf1 Rb2+ 30. Kf3 Bxf1 31. Rxf1 Rxh2 32. Rc1 Rd2 33. Ke4 Rg2 34. Rxc4 Rxg3 35. Rc7 Kf8 36. Rc8+ Kg7 37. Kd4 h5 38. e4 h4 0-1

[Event "Montigny le Bretonneux Noel op 12th"]
[Site "Montigny le Bretonneux"]
[Date "2009.12.30"]
[Round "6"]
[White "Stroppa, Daniel"]
[Black "Goulenok, Eric"]
[Result "1/2-1/2"]
[WhiteElo "2205"]
[BlackElo "2170"]
[PlyCount "129"]
[EventDate "2009.12.26"]
[EventType "swiss"]
[EventRounds "7"]
[EventCountry "FRA"]
[SourceTitle "EXT 2011"]
[Source "ChessBase"]
[SourceDate "2010.11.26"]
[SourceVersion "1"]
[SourceVersionDate "2010.11.26"]
[SourceQuality "1"]

1. d4 Nf6 2. Nf3 g6 3. Nc3 d5 4. Bf4 Bg7 5. e3 c6 6. Be2 0-0 7. 0-0 Bg4 8. h3 Bxf3 9. Bxf3 Qb6 10. Qd2 Nfd7 11. Na4 Qd8 12. Rfd1 b5 13. Nc3 Nb6 14. e4 a6 15. b3 e6 16. a4 N8d7 17. a5 Nc8 18. Ne2 Ne7 19. exd5 cxd5 20. c4 bxc4 21. bxc4 Rc8 22. c5 e5 23. Be3 e4 24. Bxe4 dxe4 25. Nc3 f5 26. Na4 Nf6 27. Nb6 Nfd5 28. Bg5 Rc6 29. Qa2 Bf6 30. Bxf6 Rfxf6 31. Qc4 Kg7 32. Qxa6 f4 33. Qb7 Rc7 34. Qa8 Qxa8 35. Nxa8 Ra7 36. Nb6 Kf7 37. Nc4 Rfa6 38. Nd6+ Kg7 39. Nxe4 Rxa5 40. Rxa5 Rxa5 41. Ng5 Ra4 42. Rb1 h6 43. Nf3 Kf6 44. Rb8 Ra1+ 45. Kh2 Rf1 46. Rd8 Rxf2 47. Rd6+ Kg7 48. Rd7 Rc2 49. Ne5 Kf6 50. Ng4+ Kf5 51. Nxh6+ Ke4 52. Nf7 Kxd4 53. Ng5 Ke3 54. Ra7 Nf5 55. Ra3+ Ke2 56. Ra1 Nd4 57. h4 f3 58. gxf3 Nxf3+ 59. Kg3 Nxg5 60. hxg5 Rc3+ 61. Kg4 Rxc5 62. Ra6 Ne3+ 63. Kf4 Rc4+ 64. Ke5 Ng4+ 65. Kd5 1/2-1/2

[Event "Montigny le Bretonneux Noel op 12th"]
[Site "Montigny le Bretonneux"]
[Date "2009.12.27"]
[Round "3"]
[White "Goulenok, Eric"]
[Black "Guliyev, Namig"]
[Result "0-1"]
[WhiteElo "2170"]
[BlackElo "2555"]
[PlyCount "69"]
[EventDate "2009.12.26"]
[EventType "swiss"]
[EventRounds "7"]
[EventCountry "FRA"]
[SourceTitle "EXT 2011"]
[Source "ChessBase"]
[SourceDate "2010.11.26"]
[SourceVersion "1"]
[SourceVersionDate "2010.11.26"]
[SourceQuality "1"]

1. Nf3 d5 2. g3 Nf6 3. Bg2 c6 4. 0-0 Bf5 5. d3 Nbd7 6. e3 h6 7. Qe2 e5 8. e4 dxe4 9. dxe4 Be6 10. Re1 a5 11. Nbd2 a4 12. Nh4 Bc5 13. Nf5 0-0 14. Qf3 Qa5 15. Rd1 Rfd8 16. Nf1 a3 17. Bd2 Bb4 18. b3 Bxd2 19. Rxd2 Bxf5 20. Qxf5 Nf8 21. Rad1 Rxd2 22. Rxd2 Ne6 23. b4 Qxb4 24. Qxe5 Qb1 25. c3 Re8 26. f3 b6 27. h4 c5 28. g4 Qc1 29. g5 Nxg5 30. Qf5 Ne6 31. e5 Nh7 32. f4 Qxc3 33. Rd7 Rf8 34. Bd5 Qd4+ 35. Kh1 0-1

[Event "Saint Quentin op 11th"]
[Site "Elancourt"]
[Date "2009.04.25"]
[Round "9"]
[White "Okhotnik, Vladimir"]
[Black "Goulenok, Eric"]
[Result "1/2-1/2"]
[WhiteElo "2451"]
[BlackElo "2133"]
[PlyCount "80"]
[EventDate "2009.04.18"]
[EventType "swiss"]
[EventRounds "9"]
[EventCountry "FRA"]
[SourceTitle "CBM 129 Extra"]
[Source "ChessBase"]
[SourceDate "2009.05.05"]
[SourceVersion "2"]
[SourceVersionDate "2009.05.20"]
[SourceQuality "1"]

1. e4 c6 2. d4 d5 3. Nc3 g6 4. Nf3 Bg7 5. Bf4 Bg4 6. exd5 cxd5 7. Nb5 Na6 8. Bd3 Nf6 9. h3 Bxf3 10. Qxf3 0-0 11. c3 Nh5 12. Bh2 e5 13. dxe5 Bxe5 14. Bxe5 Re8 15. Qe3 f6 16. 0-0-0 Rxe5 17. Qd4 Qf8 18. g4 Qh6+ 19. Kb1 Nf4 20. Nxa7 Ne6 21. Qb6 Nac5 22. Bc2 Qf4 23. Rhe1 Rxe1 24. Rxe1 Qxf2 25. Rd1 d4 26. cxd4 Nxd4 27. Qxc5 Qxc2+ 28. Qxc2 Nxc2 29. Kxc2 Rxa7 30. Rd7 Rxa2 31. Rxb7 Ra1 32. b4 Ra3 33. b5 f5 34. gxf5 gxf5 35. b6 Ra6 36. Kd3 f4 37. Ke4 Ra4+ 38. Kd5 f3 39. Ra7 Rb4 40. Ra3 Rxb6 1/2-1/2

[Event "Saint Quentin op 11th"]
[Site "Elancourt"]
[Date "2009.04.23"]
[Round "7"]
[White "Forissier, Nicolas"]
[Black "Goulenok, Eric"]
[Result "0-1"]
[WhiteElo "1967"]
[BlackElo "2133"]
[PlyCount "108"]
[EventDate "2009.04.18"]
[EventType "swiss"]
[EventRounds "9"]
[EventCountry "FRA"]
[SourceTitle "CBM 129 Extra"]
[Source "ChessBase"]
[SourceDate "2009.05.05"]
[SourceVersion "2"]
[SourceVersionDate "2009.05.20"]
[SourceQuality "1"]

1. d4 Nf6 2. c4 c5 3. d5 b5 4. cxb5 a6 5. bxa6 Bxa6 6. Nc3 d6 7. Nf3 g6 8. g3 Bg7 9. Bg2 Nbd7 10. 0-0 Nb6 11. Re1 0-0 12. Nd2 Nfd7 13. Qc2 Qc7 14. b3 Ne5 15. Bb2 Rfb8 16. h3 Ra7 17. Kh2 Qd8 18. Nd1 Qf8 19. f4 Ned7 20. Bxg7 Qxg7 21. Qc3 Nf6 22. e4 Bb5 23. a4 Bd7 24. Kh1 Bc8 25. a5 Rba8 26. Nf2 Nh5 27. e5 Nd7 28. Qe3 Qf8 29. Nc4 Ba6 30. e6 Ndf6 31. Nb6 Rd8 32. g4 Ng7 33. g5 Nf5 34. Qc3 Nh5 35. Ng4 Qg7 36. exf7+ Kxf7 37. Qd2 Qd4 38. Qxd4 Nxd4 39. Nh6+ Kg7 40. Ra3 Nc2 41. Raa1 Nxa1 42. Rxa1 Nxf4 43. Re1 Nd3 44. Re3 Ne5 45. Ng4 Nxg4 46. hxg4 Bb5 47. Re1 Rf8 48. Kg1 Kf7 49. Ra1 Ke8 50. Re1 Kd8 51. b4 cxb4 52. Rc1 Rc7 53. Ra1 b3 54. Ra3 b2 0-1

[Event "Montigny le Bretonneux Noel op 11th"]
[Site "Montigny le Bretonneux"]
[Date "2008.12.26"]
[Round "1"]
[White "Msellek, Ilyass"]
[Black "Goulenok, Eric"]
[Result "1/2-1/2"]
[WhiteElo "1842"]
[BlackElo "2180"]
[PlyCount "128"]
[EventDate "2008.12.26"]
[EventType "swiss"]
[EventRounds "7"]
[EventCountry "FRA"]
[SourceTitle "EXT 2010"]
[Source "ChessBase"]
[SourceDate "2010.11.25"]
[SourceVersion "1"]
[SourceVersionDate "2010.11.25"]
[SourceQuality "1"]

1. e4 c6 2. d4 d5 3. Nc3 g6 4. Nf3 Bg7 5. exd5 cxd5 6. Bf4 a6 7. Be2 Nc6 8. 0-0 Bg4 9. h3 Bxf3 10. Bxf3 e6 11. Ne2 Nge7 12. c3 0-0 13. Ng3 f6 14. Qd2 Re8 15. Bh6 Bh8 16. Bg4 Qd6 17. Rae1 f5 18. Bd1 e5 19. dxe5 Nxe5 20. Bb3 Nf7 21. Bf4 Qd7 22. Re2 Bg7 23. Rfe1 Kf8 24. Re6 Rac8 25. Nf1 Rc6 26. R6e2 Rcc8 27. Ne3 d4 28. Nc4 Nd5 29. Rxe8+ Rxe8 30. Rxe8+ Kxe8 31. cxd4 Nxf4 32. Qxf4 Bxd4 33. Ne3 Ne5 34. Nd5 Nc6 35. Nc7+ Ke7 36. Qg5+ Bf6 37. Nd5+ Qxd5 38. Qxf6+ Kxf6 39. Bxd5 Nd8 40. f4 b6 41. Bc4 Ne6 42. Bxa6 Nxf4 43. Kf2 Ke5 44. Kf3 g5 45. Bf1 Kd4 46. g4 fxg4+ 47. Kxg4 h6 48. h4 Ne6 49. Kf5 Nf4 50. hxg5 hxg5 51. Kxg5 Nd5 52. a3 Ne3 53. Be2 Nc2 54. Kf4 Kc5 55. Ke4 Ne1 56. Ke3 Ng2+ 57. Kf3 Nh4+ 58. Ke4 Ng6 59. b4+ Kc6 60. Bh5 Ne7 61. Be8+ Kd6 62. a4 Nd5 63. a5 bxa5 64. bxa5 Nf6+ 1/2-1/2

[Event "Montigny le Bretonneux Noel op 05th"]
[Site "Montigny le Bretonneux"]
[Date "2002.12.30"]
[Round "6.3"]
[White "Goulenok, Eric"]
[Black "Etrog, Jonathan"]
[Result "1/2-1/2"]
[WhiteElo "2201"]
[BlackElo "2130"]
[PlyCount "111"]
[EventDate "2002.12.??"]
[EventType "swiss"]
[EventRounds "7"]
[EventCountry "FRA"]
[SourceTitle "EXT 2004"]
[Source "ChessBase"]
[SourceDate "2003.11.25"]
[SourceVersion "1"]
[SourceVersionDate "2003.11.25"]
[SourceQuality "1"]

1. e4 d6 2. Nf3 Nf6 3. d3 g6 4. g3 Bg7 5. Bg2 0-0 6. 0-0 e5 7. Nh4 c5 8. Qe1 Nc6 9. c3 b5 10. a4 b4 11. Nd2 bxc3 12. bxc3 Ba6 13. Qe2 Nh5 14. Bf3 Nf6 15. Ng2 Rb8 16. Ne3 Na5 17. Rd1 Qe7 18. Bg2 Nb3 19. Nxb3 Rxb3 20. Qc2 Rfb8 21. Nf1 Ne8 22. Nd2 R3b7 23. Ba3 Qd7 24. Bf1 Rc7 25. Nf3 Nf6 26. Rdb1 Rcb7 27. Bc1 h6 28. Nd2 Qc7 29. a5 Kh7 30. Qa2 Nh5 31. Rxb7 Rxb7 32. Nc4 Bxc4 33. Qxc4 Qb8 34. Be3 Rc7 35. Ra3 Nf6 36. Rb3 Qc8 37. h3 Kh8 38. Kh2 h5 39. Be2 Bf8 40. Bd1 Be7 41. Rb5 Kg7 42. Bb3 Bd8 43. Qa4 c4 44. Bxc4 Nxe4 45. Qb3 Ng5 46. Bxg5 Bxg5 47. h4 Bf6 48. f3 Qf5 49. Kg2 g5 50. Rb7 Bd8 51. a6 gxh4 52. gxh4 Qg6+ 53. Kf1 Qg3 54. Qd1 Bxh4 55. Qe2 Qh3+ 56. Qg2+ 1/2-1/2

[Event "Montigny le Bretonneux Noel op 05th"]
[Site "Montigny le Bretonneux"]
[Date "2002.12.29"]
[Round "5.1"]
[White "Lallemand, Roza"]
[Black "Goulenok, Eric"]
[Result "1-0"]
[WhiteElo "2301"]
[BlackElo "2201"]
[PlyCount "75"]
[EventDate "2002.12.??"]
[EventType "swiss"]
[EventRounds "7"]
[EventCountry "FRA"]
[SourceTitle "EXT 2004"]
[Source "ChessBase"]
[SourceDate "2003.11.25"]
[SourceVersion "1"]
[SourceVersionDate "2003.11.25"]
[SourceQuality "1"]

1. e4 e6 2. d4 d5 3. Nc3 dxe4 4. Nxe4 Bd7 5. Nf3 Bc6 6. Bd3 Nd7 7. 0-0 Be7 8. c3 Bxe4 9. Bxe4 c6 10. c4 Ngf6 11. Bc2 0-0 12. b3 Qa5 13. Bb2 Ba3 14. Bxa3 Qxa3 15. Qd3 Rfe8 16. Rfe1 Rad8 17. Rad1 Qf8 18. Qc3 g6 19. h3 Qg7 20. a4 Nh5 21. a5 Re7 22. Qb4 Rde8 23. Qd6 Qf6 24. a6 bxa6 25. Qxc6 Nf4 26. Ra1 Kg7 27. Kh2 Nb8 28. Qe4 Rd7 29. g3 Nh5 30. g4 Qf4+ 31. Qxf4 Nxf4 32. Re4 g5 33. Nxg5 e5 34. dxe5 Rd2 35. Rxf4 Rxc2 36. Rxf7+ Kg6 37. Rf5 Re2 38. Ra5 1-0

[Event "Saint Quentin op 5th"]
[Site "Saint Quentin"]
[Date "2002.??.??"]
[Round "8"]
[White "Goulenok, Eric"]
[Black "Simon, Olivier"]
[Result "1-0"]
[WhiteElo "2178"]
[BlackElo "2290"]
[PlyCount "101"]
[EventDate "2002.04.21"]
[EventType "swiss"]
[EventRounds "9"]
[EventCountry "FRA"]
[SourceTitle "CBM 088 Extra"]
[Source "ChessBase"]
[SourceDate "2002.07.01"]
[SourceVersion "2"]
[SourceVersionDate "2002.07.01"]
[SourceQuality "1"]

1. Nf3 Nf6 2. g3 g6 3. Bg2 Bg7 4. 0-0 0-0 5. d3 d6 6. c3 c5 7. a3 Nc6 8. Qa4 h6 9. b4 e5 10. bxc5 dxc5 11. Be3 Qe7 12. Qb5 Nd7 13. Nbd2 a6 14. Qa4 Rb8 15. Qb3 b6 16. a4 Nf6 17. Nc4 Be6 18. Nfd2 Nd5 19. Qc2 f5 20. Nb3 a5 21. Bc1 f4 22. Nbd2 g5 23. Rb1 Qc7 24. Qb3 Nce7 25. Ne4 g4 26. Qd1 Ng6 27. Bd2 Qe7 28. Rb2 h5 29. f3 h4 30. Qb1 hxg3 31. hxg3 fxg3 32. Bg5 Qc7 33. e3 gxf3 34. Rxf3 Rxf3 35. Bxf3 Qc6 36. Rb5 Rf8 37. Bg2 Qd7 38. Nxb6 Nxb6 39. Rxb6 Bf5 40. Nxc5 Qc7 41. Bd5+ Kh7 42. Qd1 Nf4 43. Rc6 Nxd5 44. Rxc7 Nxc7 45. Be7 Rf7 46. Qh5+ Kg8 47. Bd8 Ne8 48. e4 Bc8 49. Kg2 Nd6 50. Qg6 Ne8 51. Qc6 1-0

[Event "FRA-chT2"]
[Site "France"]
[Date "2001.10.14"]
[Round "1"]
[White "Schmitt, Andre"]
[Black "Goulenok, Eric"]
[Result "1/2-1/2"]
[WhiteElo "2264"]
[BlackElo "2183"]
[PlyCount "73"]
[EventDate "2002.??.??"]
[EventType "team"]
[EventRounds "11"]
[EventCountry "FRA"]
[SourceTitle "EXT 2003"]
[Source "ChessBase"]
[SourceDate "2002.11.25"]
[SourceVersion "1"]
[SourceVersionDate "2002.11.25"]
[SourceQuality "1"]

1. e4 g6 2. d4 Bg7 3. Nf3 c6 4. Nc3 d5 5. h3 Nf6 6. e5 Ne4 7. Nxe4 dxe4 8. Ng5 c5 9. d5 Bxe5 10. Nxe4 0-0 11. c3 Qc7 12. Be3 Nd7 13. Be2 Nf6 14. Nxf6+ Bxf6 15. 0-0 Rd8 16. Qb3 e6 17. c4 exd5 18. cxd5 Qb6 19. Rfd1 Qxb3 20. axb3 Bxb2 21. Ra2 Bd4 22. Bxd4 cxd4 23. Rxd4 Rd6 24. f4 Kf8 25. Kf2 a5 26. Ke3 b6 27. b4 Bb7 28. bxa5 Bxd5 29. Rad2 Rxa5 30. Kf2 Ke7 31. Bf3 Ke6 32. g3 Rc5 33. h4 Rd7 34. Re2+ Kf6 35. Red2 Ke6 36. Re2+ Kf6 37. Red2 1/2-1/2

[Event "Saint Quentin op 4th"]
[Site "Saint Quentin"]
[Date "2001.04.20"]
[Round "7.17"]
[White "Goulenok, Eric"]
[Black "Danzanvilliers, Patrice"]
[Result "1-0"]
[WhiteElo "2188"]
[BlackElo "2010"]
[PlyCount "93"]
[EventDate "2001.04.15"]
[EventType "swiss"]
[EventRounds "9"]
[EventCountry "FRA"]
[SourceTitle "EXT 2002"]
[Source "ChessBase"]
[SourceDate "2001.11.25"]
[SourceVersion "1"]
[SourceVersionDate "2001.11.25"]
[SourceQuality "1"]

1. g3 f5 2. Bg2 Nf6 3. Nh3 e5 4. d4 exd4 5. Qxd4 Nc6 6. Qa4 Be7 7. 0-0 0-0 8. c4 Qe8 9. Nc3 d6 10. Nf4 Ne5 11. Qc2 c6 12. b3 Nf7 13. Nd3 Bd7 14. Bd2 Ng4 15. Rae1 Ng5 16. h3 Ne5 17. f4 Nxd3 18. Qxd3 Ne6 19. b4 a5 20. a3 axb4 21. axb4 Rd8 22. e4 fxe4 23. Qxe4 Bf6 24. Qd3 Qh5 25. Kh2 Nd4 26. Ne4 c5 27. Nxf6+ Rxf6 28. Bc3 Bf5 29. Qd1 Rh6 30. Qxh5 Rxh5 31. Re7 Kf8 32. Rb1 Re8 33. Bxd4 cxd4 34. Rxe8+ Kxe8 35. Rd1 d3 36. Bxb7 Bxh3 37. Kg1 Bf5 38. Bf3 Rh6 39. Kf2 Kd8 40. Ke3 Kc7 41. g4 Bg6 42. f5 Be8 43. Rxd3 Rh2 44. Ra3 Kb6 45. Ra8 Bc6 46. Bxc6 Kxc6 47. Ra6+ 1-0

[Event "Saint Quentin op 4th"]
[Site "Saint Quentin"]
[Date "2001.04.18"]
[Round "5.18"]
[White "Goulenok, Eric"]
[Black "Delmont, Jean Robert"]
[Result "1-0"]
[WhiteElo "2188"]
[BlackElo "2012"]
[PlyCount "47"]
[EventDate "2001.04.15"]
[EventType "swiss"]
[EventRounds "9"]
[EventCountry "FRA"]
[SourceTitle "EXT 2002"]
[Source "ChessBase"]
[SourceDate "2001.11.25"]
[SourceVersion "1"]
[SourceVersionDate "2001.11.25"]
[SourceQuality "1"]

1. Nf3 c5 2. g3 Nc6 3. Bg2 e5 4. d3 d6 5. 0-0 f5 6. e4 Be7 7. c3 Nf6 8. Qb3 Qb6 9. Qxb6 axb6 10. Nh4 fxe4 11. dxe4 g6 12. Re1 Nh5 13. Nf3 Be6 14. Na3 b5 15. Nxb5 Rxa2 16. Bh6 Kd7 17. Rxa2 Bxa2 18. Bh3+ Be6 19. Bxe6+ Kxe6 20. Rd1 Nf6 21. Ng5+ Kd7 22. Bg7 Rg8 23. Bxf6 Bxf6 24. Rxd6+ 1-0

[Event "Montigny le Bretonneux op"]
[Site "Montigny le Bretonneux"]
[Date "1999.??.??"]
[Round "3"]
[White "Goulenok, Eric"]
[Black "Marcelin, Cyril"]
[Result "1/2-1/2"]
[WhiteElo "2171"]
[BlackElo "2395"]
[PlyCount "87"]
[EventDate "1999.11.??"]
[EventType "swiss"]
[EventRounds "7"]
[EventCountry "FRA"]
[SourceTitle "EXT 2002"]
[Source "ChessBase"]
[SourceDate "2001.11.25"]
[SourceVersion "1"]
[SourceVersionDate "2001.11.25"]
[SourceQuality "1"]

1. Nf3 f5 2. d3 Nf6 3. Bg5 e6 4. e4 h6 5. Bc1 d6 6. exf5 exf5 7. Qe2+ Be7 8. g3 0-0 9. Bg2 c6 10. 0-0 Na6 11. d4 Ne4 12. d5 c5 13. Re1 Rf7 14. Nfd2 Nxd2 15. Bxd2 Nc7 16. a4 b6 17. Ra3 Bd7 18. c4 a6 19. Bf3 Bg5 20. Bc3 Re7 21. Qd1 Rxe1+ 22. Qxe1 Qe8 23. Qd1 Qe7 24. b3 Bf6 25. Ra2 Bxc3 26. Nxc3 Qf6 27. Ne2 Re8 28. Qa1 Qxa1+ 29. Rxa1 g5 30. Nc3 Kg7 31. Be2 Kf6 32. f4 Re3 33. Rc1 Re7 34. Kf2 a5 35. Rh1 Be8 36. Bd3 Bh5 37. fxg5+ hxg5 38. h4 gxh4 39. Rxh4 Bg6 40. Rf4 Kg5 41. Ne2 Ne8 42. Ng1 Ng7 43. Nh3+ Kf6 44. g4 1/2-1/2

[Event "Juvisy sur Orge op"]
[Site "Juvisy sur Orge"]
[Date "1995.??.??"]
[Round "5"]
[White "Goulenok, Eric"]
[Black "Lopez, Jordi"]
[Result "1-0"]
[WhiteElo "2105"]
[BlackElo "2205"]
[PlyCount "151"]
[EventDate "1995.??.??"]
[EventType "tourn"]
[EventRounds "7"]
[EventCountry "FRA"]
[SourceTitle "EXT 2004"]
[Source "ChessBase"]
[SourceDate "2003.11.25"]
[SourceVersion "1"]
[SourceVersionDate "2003.11.25"]
[SourceQuality "1"]

1. Nf3 d5 2. g3 Bg4 3. Bg2 c6 4. h3 Bxf3 5. Bxf3 Qd7 6. Bg2 Na6 7. 0-0 f5 8. d3 e6 9. a3 Nf6 10. Nd2 Bd6 11. e4 0-0 12. Qe2 Bc5 13. e5 Ne8 14. Nf3 Nac7 15. b4 Be7 16. c4 a5 17. Bd2 axb4 18. axb4 Rxa1 19. Rxa1 Na6 20. Rb1 Nec7 21. Qe3 h6 22. Qd4 Rd8 23. Qb6 Na8 24. Qa7 N8c7 25. Qb6 Na8 26. Qa7 Rc8 27. b5 cxb5 28. Rxb5 N8c7 29. Rxb7 Qa4 30. Qd4 Bc5 31. Qc3 Qd1+ 32. Be1 d4 33. Qd2 Qa1 34. Qb2 Qd1 35. Qb1 Qa4 36. Qb3 Qa1 37. Qb1 Qa4 38. Bd2 Ne8 39. Qb3 Qa1+ 40. Qb1 Qa3 41. h4 Rc7 42. Rxc7 Naxc7 43. Bf1 Qa8 44. Be2 Qa7 45. Bc1 Qa4 46. Bb2 Qb4 47. Qa1 g5 48. hxg5 hxg5 49. Bxd4 Be7 50. Bc3 Qb6 51. d4 g4 52. Nd2 Ng7 53. Qa5 Qb7 54. d5 Bg5 55. d6 Nce8 56. Qb5 Qa7 57. c5 Qa3 58. Bb2 Qa7 59. Nf1 Bd8 60. c6 Bb6 61. Ne3 Bxe3 62. fxe3 Qxe3+ 63. Kg2 f4 64. Qd3 f3+ 65. Kf1 fxe2+ 66. Qxe2 Qxg3 67. c7 Qh3+ 68. Kf2 Qh2+ 69. Ke1 Qh1+ 70. Kd2 Qc6 71. Qd3 Qd7 72. Qc3 Nxc7 73. Qxc7 Qa4 74. d7 Qf4+ 75. Kc2 Qe4+ 76. Kb3 1-0